Good-night owl! / (Record no. 103951)
[ view plain ]
| 000 -LEADER | |
|---|---|
| fixed length control field | 00708nam a2200205 a 4500 |
| 005 - DATE AND TIME OF LATEST TRANSACTION | |
| control field | 20140412111310.0 |
| 008 - FIXED-LENGTH DATA ELEMENTS--GENERAL INFORMATION | |
| fixed length control field | 010307s19uu xx 00 eng d |
| 050 ## - LIBRARY OF CONGRESS CALL NUMBER | |
| Classification number | ER |
| Item number | Go59 1990 |
| 100 ## - MAIN ENTRY--PERSONAL NAME | |
| Personal name | Hutchins, Pat |
| 245 ## - TITLE STATEMENT | |
| Title | Good-night owl! / |
| Statement of responsibility, etc | Pat Hutchins. |
| 260 ## - PUBLICATION, DISTRIBUTION, ETC. (IMPRINT) | |
| Place of publication, distribution, etc | New York : |
| Name of publisher, distributor, etc | Aladdin Paperbacks, |
| Date of publication, distribution, etc | 1990. |
| 300 ## - PHYSICAL DESCRIPTION | |
| Extent | 1 v. (unp.) ; ill. |
| 500 ## - GENERAL NOTE | |
| General note | Reprint. Originally published: New York Macmillan, 1972 |
| 520 ## - SUMMARY, ETC. | |
| Summary, etc | Because all the other animals' noises keep him from sleeping, Owl watches for a chance to take his revenge. |
| 650 ## - SUBJECT ADDED ENTRY--TOPICAL TERM | |
| Topical term or geographic name as entry element | Owls -- Juvenile fiction |
| 650 ## - SUBJECT ADDED ENTRY--TOPICAL TERM | |
| Topical term or geographic name as entry element | Animals -- Juvenile fiction |
| 650 ## - SUBJECT ADDED ENTRY--TOPICAL TERM | |
| Topical term or geographic name as entry element | Owls -- Fiction |
| 650 ## - SUBJECT ADDED ENTRY--TOPICAL TERM | |
| Topical term or geographic name as entry element | Animals -- Fiction |
| Withdrawn status | Lost status | Damaged status | Use restrictions | Home library | Current library | Shelving location | Date acquired | Source of acquisition | Total Checkouts | Full call number | Barcode | Date last seen | Price effective from | Koha item type |
|---|---|---|---|---|---|---|---|---|---|---|---|---|---|---|
| Elizalde Library | Elizalde Library | Easy Reading Section | 03/07/2001 | ER Go59 1990 | E6153 | 04/12/2014 | 04/12/2014 | Books |